Biggest Cities in France's Borders - Statistics

General Stats
  • This quiz has been taken 45 times
  • The average score is 14 of 20
Answer Stats
Population City % Correct
6.80 mil Madrid
95%
4.90 mil Barcelona
93%
4.75 mil Berlin
91%
13.3 mil Rio de Janeiro
91%
3.45 mil Rome
89%
22.7 mil Sao Paulo
89%
4.10 mil Brasilia
82%
6.15 mil Milan
82%
2.88 mil Hamburg
80%
4.13 mil Naples
77%
3.28 mil Frankfurt am Main
70%
5.10 mil Belo Horizonte
66%
3.88 mil Recife
64%
4.98 mil Cologne / Dusseldorf
59%
4.18 mil Porto Alegre
57%
3.75 mil Fortaleza
52%
3.65 mil Salvador
50%
3.50 mil Curitiba
41%
5.65 mil The Ruhr
32%
3.28 mil Campinas
18%
No matching quizzes found
Score Distribution
Percent of People with Each Score
Percentile by Number Answered
Your Score History
You have not taken this quiz